000 00739nam a2200241Ia 4500
003 OSt
005 20220923213224.0
006 a|||||r|||| 00| 0
007 ta
008 220922b |||||||| |||| 00| 0 hin d
024 _a159,953
037 _cTextual
040 _aARTS
_cARTS
_bhin
041 _2hin
_ahin
082 _aO152,3:g, K5
100 _aसिन्हा, सुरेश
245 0 _aउपन्यास शिल्प और प्रवत्तियां
246 _aUpanyās shilpa aur pravattiyāan
260 _c1965
650 _aहिन्दी साहित्य
_9156264
942 _hO152,3:g, K5
_cTEXL
_2CC
999 _c314700
_d314700